|
|
|
|
| LEADER |
01091nam a2200265 a 4500 |
| 001 |
2035111 |
| 008 |
091210s2000 ctua b 001 0 eng d |
| 010 |
|
|
|a 92074289
|
| 020 |
|
|
|a 0697391426
|
| 020 |
|
|
|a 1561341266
|
| 040 |
|
|
|a DLC
|c DLC
|d BD-DhAAL
|
| 082 |
0 |
0 |
|a 364
|2 21
|
| 245 |
0 |
0 |
|a Taking sides.
|p Clashing views on controversial issues in crime and criminology /
|c edited, selected, and with introductions by Richard C. Monk.
|
| 250 |
|
|
|a 3rd ed.
|
| 260 |
|
|
|a Guilford, Conn. :
|b Dushkin Pub. Group,
|c c2000.
|
| 300 |
|
|
|a xxiii, 358 p. :
|b ill. ;
|c 24 cm.
|
| 504 |
|
|
|a Includes bibliographical references and index.
|
| 541 |
1 |
|
|e 00009672
|
| 650 |
|
0 |
|a Crime
|z United States.
|
| 650 |
|
0 |
|a Criminal justice, Administration of
|z United States.
|
| 650 |
|
0 |
|a Criminology.
|
| 700 |
1 |
|
|a Monk, Richard C.,
|d 1943-
|
| 852 |
4 |
|
|a Ayesha Abed Library
|j General Shelf.
|
| 999 |
|
|
|c 6157
|d 6157
|
| 952 |
|
|
|0 0
|1 0
|2 ddc
|4 0
|6 364_TAK_200000000000000
|7 0
|9 6160
|a BRACUL
|b BRACUL
|c GEN
|d 2009-12-15
|g 0.00
|l 1
|o 364 TAK
|p 3010009672
|r 2016-03-01
|s 2016-02-25
|t 1
|w 2009-12-15
|y BK
|x No price found in the accession register.
|